000 01130nmm a2200385 a 4500
003 AR-X00000XY
005 20251128211908.0
008 017020s2003 ||||||||||||||000 | spa||
020 _a958-8173-42-6
040 _cAR-X00000XY
100 1 _aRojas Herazo, Héctor
_d1921-2002
245 1 0 _aHéctor Rojas Herazo
_bobra periodística, 1940-1970
260 _aMedellín
_bEAFIT
_c2003
300 0 _a2 v.
500 0 _aDonación de la Embajada de Colombia en Buenos Aires
500 0 _aIncluye índices al final de cada tomo
505 _tVigilia de las lámparas
505 _tLa magnitud de la ofrenda
650 4 _aPERIODISMO
650 4 _aPERIODISTAS
650 4 _aHISTORIA LATINOAMERICANA
650 4 _aLITERATURA LATINOAMERICANA
650 4 _aCRITICA LITERARIA
650 4 _aSIGLO VEINTE
650 4 _aPOESIA CONTEMPORANEA
651 4 _aColombia
653 _aHISTORIA COLOMBIANA
653 0 _aPERIODISMO LITERARIO
653 0 _aESTUDIOS LITERARIOS
653 0 _aLITERATURA COLOMBIANA
655 _aLITERATURA
700 1 _aGarcía Usta, Jorge
_ecompilador
942 _cBK
998 _cNancy
999 _c21516
_d21516